UBT Library

MANAGEMENT OF COMMMON PROBLRMS OBSTETRICS GYNECOLOGY (Record no. 10554)

000 -LEADER
fixed length control field 00323nam a22001337a 4500
008 - FIXED-LENGTH DATA ELEMENTS--GENERAL INFORMATION
fixed length control field 170412b xxu||||| |||| 00| 0 eng d
020 ## - INTERNATIONAL STANDARD BOOK NUMBER
International Standard Book Number 0874894824
041 ## - LANGUAGE CODE
Language code of text/sound track or separate title eng
080 ## - UNIVERSAL DECIMAL CLASSIFICATION NUMBER
Universal Decimal Classification number 618
100 ## - Rafti
Rafti 10
101 ## - Shkurtesa
Shkurtesa SHM
245 ## - TITLE STATEMENT
Title MANAGEMENT OF COMMMON PROBLRMS OBSTETRICS GYNECOLOGY
Statement of responsibility, etc MISHELL.D.R
942 ## - ADDED ENTRY ELEMENTS (KOHA)
Source of classification or shelving scheme
Item type Books
Holdings
Withdrawn status Lost status Damaged status Not for loan Date acquired Total Checkouts Date last seen Price effective from Koha item type
        04/12/2017   04/12/2017 04/12/2017 Books
UBT Library © 2015-2024. All rights reserved University Education for Business and Technology